[Event "Winter op"]
[Site "Kitchener CAN"]
[Date "2011.03.13"]
[Round "4"]
[White "Samsonkin, Artiom"]
[Black "Jung, Hans"]
[Result "1-0"]
[WhiteElo "2387"]
[BlackElo "2118"]
[PlyCount "59"]
[EventDate "2011.03.12"]
[EventType "swiss"]
[EventRounds "5"]
[EventCountry "CAN"]

1. e4 d6 2. d4 Nf6 3. Nc3 Nbd7 4. f4 e5 5. Nf3 exd4 6. Qxd4 c6 7. f5 d5 8. e5
Bc5 9. Qh4 Ne4 10. Qxd8+ Kxd8 11. Nxe4 dxe4 12. Ng5 Nxe5 13. Bf4 Be7 14. Nxe4
Bxf5 15. Ng3 Ng6 16. Nxf5 Nxf4 17. O-O-O+ Ke8 18. Nxg7+ Kf8 19. Nf5 Rd8 20.
Rxd8+ Bxd8 21. g3 Nd5 22. Bc4 Bg5+ 23. Kb1 h5 24. Bxd5 cxd5 25. Rd1 h4 26. g4
h3 27. Rxd5 Rh7 28. c4 Ke8 29. Ng3 Bf4 30. Nh5 1-0

[Event "Winter op"]
[Site "Kitchener CAN"]
[Date "2011.03.13"]
[Round "5"]
[White "Dougherty, Michael"]
[Black "Samsonkin, Artiom"]
[Result "1/2-1/2"]
[WhiteElo "2204"]
[BlackElo "2387"]
[PlyCount "66"]
[EventDate "2011.03.12"]
[EventType "swiss"]
[EventRounds "5"]
[EventCountry "CAN"]

1. Nf3 Nf6 2. c4 g6 3. Nc3 Bg7 4. e4 d6 5. d4 O-O 6. Be2 e5 7. O-O Na6 8. Re1
Qe8 9. dxe5 dxe5 10. Be3 c6 11. Nd2 Qe7 12. Na4 Rd8 13. Qc2 Nc7 14. Rad1 Ne6
15. Nb3 Rxd1 16. Rxd1 b6 17. f3 c5 18. Qd2 Nd4 19. Nc3 Bb7 20. Nd5 Bxd5 21.
cxd5 Ne8 22. Nxd4 exd4 23. Bf4 Nd6 24. b3 Re8 25. Bd3 f5 26. Bxd6 Qxd6 27. exf5
gxf5 28. Qg5 Qe5 29. Qxf5 Qxf5 30. Bxf5 b5 31. d6 Rd8 32. d7 c4 33. bxc4 bxc4
1/2-1/2

[Event "Hart House Reading Week op"]
[Site "Toronto CAN"]
[Date "2011.02.19"]
[Round "1"]
[White "Birarov, Vladimir"]
[Black "Samsonkin, Artiom"]
[Result "1-0"]
[WhiteElo "2227"]
[BlackElo "2576"]
[PlyCount "75"]
[EventDate "2011.02.19"]
[EventType "swiss"]
[EventRounds "6"]
[EventCountry "CAN"]

1. d4 Nf6 2. c4 g6 3. Nc3 Bg7 4. Nf3 d6 5. g3 O-O 6. Bg2 c6 7. O-O Qa5 8. Bd2
Qh5 9. Re1 e5 10. dxe5 dxe5 11. Qc2 Na6 12. Nh4 Nc5 13. Be3 Ne6 14. h3 Nf4 15.
Bf3 Qh6 16. Kh2 Re8 17. Rad1 g5 18. Bc1 Nxh3 19. Kg2 Ng4 20. Ne4 Qh5 21. Rh1
gxh4 22. Rxh3 Bf5 23. Qb3 Qg6 24. Rd6 f6 25. c5+ Kf8 26. Ng5 h6 27. Ne6+ Bxe6
28. Rxe6 hxg3 29. Rxg3 h5 30. Qxb7 Qc2 31. Bh6 Qg6 32. Bxg7+ Qxg7 33. Qxc6 Rxe6
34. Qxe6 Re8 35. Qf5 Ke7 36. Bxg4 hxg4 37. Rd3 Rd8 38. Rd7+ 1-0

[Event "Hart House Reading Week op"]
[Site "Toronto CAN"]
[Date "2011.02.20"]
[Round "4"]
[White "Song, Michael"]
[Black "Samsonkin, Artiom"]
[Result "1/2-1/2"]
[WhiteElo "2220"]
[BlackElo "2576"]
[PlyCount "90"]
[EventDate "2011.02.19"]
[EventType "swiss"]
[EventRounds "6"]
[EventCountry "CAN"]

1. c4 Nf6 2. Nc3 g6 3. g3 Bg7 4. Bg2 O-O 5. Nf3 d6 6. O-O e5 7. d3 Nc6 8. Bg5
h6 9. Bxf6 Bxf6 10. Rb1 a5 11. a3 Bg7 12. b4 axb4 13. axb4 Ne7 14. Ne1 c6 15.
Nc2 Be6 16. b5 Qd7 17. Nb4 Bh3 18. bxc6 bxc6 19. e4 Be6 20. Qd2 f5 21. exf5
gxf5 22. f4 e4 23. dxe4 Bxc4 24. Rfc1 fxe4 25. Nxe4 d5 26. Kh1 Rfd8 27. Nc5 Qg4
28. Re1 Nf5 29. Ne6 Rd6 30. Nxg7 Qxg7 31. Nxc6 Ra2 32. Qb4 Kh7 33. Ne5 Ba6 34.
Rb2 Rxb2 35. Qxb2 Kg8 36. Qa2 Bb7 37. Qb1 Nd4 38. Rd1 Ne6 39. Qb5 Qc7 40. f5
Ng7 41. f6 Rxf6 42. Bxd5+ Bxd5+ 43. Qxd5+ Re6 44. Ng6 Qf7 45. Nf4 Re7 1/2-1/2

[Event "Guelph Fall ProAm"]
[Site "Guelph CAN"]
[Date "2010.11.06"]
[Round "1"]
[White "Samsonkin, Artiom"]
[Black "Fiedler, Brian"]
[Result "1-0"]
[WhiteElo "2582"]
[BlackElo "2137"]
[PlyCount "61"]
[EventDate "2010.11.06"]
[EventType "swiss"]
[EventRounds "5"]
[EventCountry "CAN"]

1. e4 g6 2. d4 Bg7 3. Nc3 c6 4. Nf3 d6 5. Bc4 Nf6 6. Qe2 Bg4 7. e5 Nd5 8. Bd2
dxe5 9. dxe5 O-O 10. O-O-O Na6 11. h4 h5 12. Bb3 Nac7 13. Ne4 Qc8 14. c4 Nb6
15. Bg5 Re8 16. Qe3 Nd7 17. Bh6 Bh8 18. Neg5 Ne6 19. Nxe6 Bxe6 20. Bf4 b5 21.
cxb5 cxb5+ 22. Kb1 Bxb3 23. axb3 Nc5 24. Nd4 Qb7 25. f3 a5 26. g4 hxg4 27. h5
a4 28. b4 Nb3 29. hxg6 fxg6 30. e6 Bxd4 31. Be5 1-0

[Event "Guelph Fall ProAm"]
[Site "Guelph CAN"]
[Date "2010.11.06"]
[Round "2"]
[White "Gusev, Nikita"]
[Black "Samsonkin, Artiom"]
[Result "1/2-1/2"]
[WhiteElo "2247"]
[BlackElo "2582"]
[PlyCount "90"]
[EventDate "2010.11.06"]
[EventType "swiss"]
[EventRounds "5"]
[EventCountry "CAN"]

1. e4 c5 2. Nf3 d6 3. d4 cxd4 4. Nxd4 Nf6 5. Nc3 Nc6 6. Bc4 Qb6 7. Nxc6 bxc6 8.
O-O e5 9. Bb3 Be7 10. Be3 Qc7 11. f3 O-O 12. Kh1 a5 13. a4 Rb8 14. Qd2 Be6 15.
Bxe6 fxe6 16. b3 d5 17. Bg5 Bb4 18. Bxf6 gxf6 19. Qd3 Rbd8 20. Ne2 f5 21. exf5
exf5 22. Rab1 Bd6 23. f4 exf4 24. Qf3 Rde8 25. Nxf4 Bxf4 26. Qxf4 Qxf4 27. Rxf4
Re2 28. c4 Re4 29. Rbf1 d4 30. g4 Rxf4 31. Rxf4 c5 32. gxf5 Kf7 33. Kg2 Kf6 34.
Kf3 h5 35. Re4 Rd8 36. Re6+ Kg5 37. Rg6+ Kh4 38. Rg2 d3 39. Ke3 d2 40. Rxd2
Rxd2 41. Kxd2 Kg5 42. Ke3 Kxf5 43. Kf3 Ke5 44. Ke3 Kf5 45. Kf3 Ke5 1/2-1/2

[Event "Guelph Fall ProAm"]
[Site "Guelph CAN"]
[Date "2010.11.06"]
[Round "3"]
[White "Samsonkin, Artiom"]
[Black "Sapozhnikov, Roman"]
[Result "1/2-1/2"]
[WhiteElo "2582"]
[BlackElo "2390"]
[PlyCount "124"]
[EventDate "2010.11.06"]
[EventType "swiss"]
[EventRounds "5"]
[EventCountry "CAN"]

1. e4 c5 2. Nc3 a6 3. a4 Nc6 4. Nf3 e6 5. d4 cxd4 6. Nxd4 Qc7 7. Be2 Nf6 8. O-O
Be7 9. Be3 O-O 10. Nb3 b6 11. f4 d6 12. Bf3 Rb8 13. Qe2 Na5 14. Rae1 Nc4 15.
Bc1 b5 16. axb5 axb5 17. Nd4 Qc5 18. Qf2 Bd7 19. b3 Na5 20. Nd1 Nc6 21. Nxc6
Qxf2+ 22. Nxf2 Bxc6 23. e5 Nd5 24. Nd3 Rbc8 25. c4 bxc4 26. bxc4 Nc3 27. Ba3
Rfd8 28. Rc1 Bxf3 29. Rxc3 Be2 30. Re1 Bxd3 31. Rxd3 Rxc4 32. exd6 Bf8 33. g3
g6 34. Re2 Rc6 35. Kg2 Rd7 36. Kf3 h5 37. h3 Rc4 38. g4 hxg4+ 39. hxg4 Bg7 40.
g5 Rc6 41. Rb3 Rc8 42. Re1 Rcd8 43. Rc1 Kf8 44. Ke4 Ke8 45. Rh1 Ra7 46. Rh7 Kf8
47. Bc5 Ra4+ 48. Rb4 Rxb4+ 49. Bxb4 Kg8 50. Rh3 f5+ 51. gxf6 Bxf6 52. Ra3 Rd7
53. Ra8+ Kf7 54. Rc8 Bg7 55. Bc5 Bf6 56. Bb4 Bg7 57. Bc5 Bf6 58. Kd3 e5 59. Ke4
exf4 60. Kxf4 Ke6 61. Ke4 Bd8 62. Rb8 g5 1/2-1/2

[Event "Guelph Fall ProAm"]
[Site "Guelph CAN"]
[Date "2010.11.07"]
[Round "4"]
[White "Friedman, Alexander"]
[Black "Samsonkin, Artiom"]
[Result "0-1"]
[WhiteElo "2034"]
[BlackElo "2582"]
[PlyCount "62"]
[EventDate "2010.11.06"]
[EventType "swiss"]
[EventRounds "5"]
[EventCountry "CAN"]

1. c4 Nf6 2. Nc3 g6 3. g3 Bg7 4. Bg2 O-O 5. Nf3 d6 6. O-O e5 7. d3 Nc6 8. Rb1
a5 9. Bd2 Re8 10. Ne1 Nd4 11. h3 c6 12. Nc2 Be6 13. Kh2 Rc8 14. e3 Nxc2 15.
Qxc2 d5 16. Ne2 dxc4 17. dxc4 Bf5 18. e4 Nxe4 19. Bxe4 Bxe4 20. Qxe4 Qxd2 21.
Rfd1 Qb4 22. a3 Qc5 23. Kg2 f5 24. b4 axb4 25. axb4 Qxf2+ 26. Kxf2 fxe4 27. Nc3
Rf8+ 28. Ke2 Ra8 29. c5 Bh6 30. Nxe4 Ra2+ 31. Kd3 Rf3+ 0-1

[Event "Guelph Fall ProAm"]
[Site "Guelph CAN"]
[Date "2010.11.07"]
[Round "5"]
[White "Samsonkin, Artiom"]
[Black "Bailey, Doug"]
[Result "1-0"]
[WhiteElo "2582"]
[BlackElo "2336"]
[PlyCount "147"]
[EventDate "2010.11.06"]
[EventType "swiss"]
[EventRounds "5"]
[EventCountry "CAN"]

1. e4 c5 2. Nf3 d6 3. c3 Nf6 4. Be2 g6 5. O-O Bg7 6. d3 O-O 7. Nbd2 Nc6 8. d4
cxd4 9. cxd4 e5 10. d5 Nd4 11. Nxd4 exd4 12. Bd3 Nd7 13. Nc4 Nc5 14. Bf4 Nxd3
15. Qxd3 f5 16. f3 b5 17. Nd2 Qb6 18. Bg3 a5 19. Rac1 Bd7 20. Bf2 a4 21. Rfd1
Rfe8 22. h3 Rac8 23. Rxc8 Rxc8 24. Nf1 fxe4 25. fxe4 Kf7 26. Nd2 b4 27. Nc4 Qc5
28. b3 Be5 29. Bxd4 Bxd4+ 30. Qxd4 Ke7 31. Kh2 Qxd4 32. Rxd4 Bb5 33. Nd2 Rc2
34. bxa4 Be2 35. Nb3 Rxa2 36. Rxb4 Bf1 37. Kg1 Bxg2 38. h4 Kf6 39. Nc1 Rc2 40.
Nd3 Ra2 41. Nf2 Bf3 42. Rb3 Be2 43. Rb4 Ke5 44. Kg2 Ra3 45. Rb7 Bf3+ 46. Kh2
Kf4 47. Rf7+ Ke3 48. Kg3 Bh5 49. e5 dxe5 50. Kg2 Rxa4 51. d6 Ke2 52. Kh2 Rd4
53. d7 Rxh4+ 54. Kg3 Rd4 55. Re7 Kd2 56. Ne4+ Kc2 57. Nf6 Rd3+ 58. Kh2 Bf3 59.
Re8 e4 60. d8=Q Rxd8 61. Rxd8 h6 62. Kg3 g5 63. Rh8 Kd3 64. Rxh6 Bd1 65. Rh1
Be2 66. Ra1 e3 67. Nd5 Kd4 68. Nb4 Kc3 69. Re1 Bh5 70. Nd5+ Kd3 71. Nxe3 Kd2
72. Rh1 Be2 73. Kf2 g4 74. Rg1 1-0

[Event "Olympiad"]
[Site "Khanty-Mansiysk RUS"]
[Date "2010.09.24"]
[Round "4"]
[White "Samsonkin, Artiom"]
[Black "Teerapabpaisit, Wisuwat"]
[Result "1-0"]
[WhiteElo "2409"]
[BlackElo "2310"]
[PlyCount "64"]
[EventDate "2010.09.21"]
[EventType "team"]
[EventRounds "11"]
[EventCountry "RUS"]
[WhiteTeam "CAN"]
[BlackTeam "THA"]

1. e4 c5 2. Nf3 e6 3. d4 cxd4 4. Nxd4 a6 5. Bd3 Nf6 6. O-O Qc7 7. Nd2 Bd6 8. f4
Bxf4 9. Rxf4 Qxf4 10. Nc4 Qc7 11. e5 d5 12. Nd6+ Kf8 13. exf6 Qxd6 14. fxg7+
Kxg7 15. Qg4+ Kf8 16. Bh6+ Ke8 17. Re1 b6 18. Kh1 Ra7 19. Bf4 h5 20. Qg5 Qb4
21. c3 Qxb2 22. Qg7 Rf8 23. Bd6 Re7 24. Qf6 Rb7 25. Bxf8 Qxc3 26. Rd1 Rc7 27.
Qh8 Kd7 28. Qxh5 Ke8 29. Bd6 Rc6 30. Nxc6 Nxc6 31. Rf1 Nd8 32. Qg5 f6 1-0

[Event "Olympiad"]
[Site "Khanty-Mansiysk RUS"]
[Date "2010.09.25"]
[Round "5"]
[White "Samsonkin, Artiom"]
[Black "Glud, Jakob Vang"]
[Result "1/2-1/2"]
[WhiteElo "2409"]
[BlackElo "2479"]
[PlyCount "115"]
[EventDate "2010.09.21"]
[EventType "team"]
[EventRounds "11"]
[EventCountry "RUS"]
[WhiteTeam "CAN"]
[BlackTeam "DEN"]

1. e4 e5 2. Nf3 Nc6 3. Bb5 Nf6 4. O-O Nxe4 5. d4 Nd6 6. dxe5 Nxb5 7. a4 d6 8.
e6 Bxe6 9. axb5 Ne5 10. Nd4 Be7 11. f4 Bg4 12. Qd2 c5 13. fxe5 cxd4 14. Qxd4
Be6 15. exd6 Bxd6 16. Bf4 Bxf4 17. Rxf4 O-O 18. Qxd8 Rfxd8 19. Nc3 Rd2 20. Rc1
b6 21. Ne4 Rd5 22. Nc3 Rc5 23. Ra1 Rc7 24. Rfa4 h6 25. Ra6 Rd8 26. Rxa7 Rxa7
27. Rxa7 Rd2 28. Rb7 Rxc2 29. Rxb6 Rxb2 30. Rb8+ Kh7 31. b6 Bd7 32. Nd5 Bc6 33.
Ne3 Re2 34. Rc8 Be4 35. Rc3 f5 36. g3 Rb2 37. Rc5 Rb1+ 38. Kf2 Rxb6 39. h4 Rb2+
40. Kg1 Kg6 41. Ra5 Re2 42. Ra3 Kh5 43. Kf1 Rd2 44. Ra5 Bd3+ 45. Kg1 Re2 46.
Nxf5 Kg4 47. Nd4 Rd2 48. Rd5 Be4 49. Rd7 g6 50. Kf1 Rd3 51. Kf2 Rxg3 52. Re7
Bd3 53. h5 Rh3 54. hxg6 Bxg6 55. Rg7 Kh5 56. Ne6 Ra3 57. Nf4+ Kg5 58. Rxg6+
1/2-1/2

[Event "Olympiad"]
[Site "Khanty-Mansiysk RUS"]
[Date "2010.09.29"]
[Round "8"]
[White "Samsonkin, Artiom"]
[Black "Hatanbaatar, Bazar"]
[Result "1-0"]
[WhiteElo "2409"]
[BlackElo "2392"]
[PlyCount "67"]
[EventDate "2010.09.21"]
[EventType "team"]
[EventRounds "11"]
[EventCountry "RUS"]
[WhiteTeam "CAN"]
[BlackTeam "MGL"]

1. e4 c5 2. Nf3 d6 3. d4 cxd4 4. Nxd4 Nf6 5. Nc3 a6 6. Bg5 e6 7. f4 Qc7 8. Bxf6
gxf6 9. Be2 b5 10. Qd2 h5 11. a4 b4 12. Nd1 Bb7 13. Bf3 Nd7 14. Nf2 Rb8 15. O-O
Ba8 16. Qe2 Qa7 17. Rad1 h4 18. Bh5 Ke7 19. Qg4 Re8 20. Qxh4 Qc5 21. g4 Bh6 22.
Qg3 Reg8 23. Kh1 f5 24. Qh4+ f6 25. gxf5 exf5 26. Rfe1 Bf8 27. Qh3 fxe4 28.
Qe6+ Kd8 29. Qe8+ Kc7 30. Ne6+ Kb6 31. Nxc5 Nxc5 32. Qxa8 Rxh5 33. Nxe4 Rgh8
34. Nxc5 1-0

[Event "Olympiad"]
[Site "Khanty-Mansiysk RUS"]
[Date "2010.09.30"]
[Round "9"]
[White "Hracek, Zbynek"]
[Black "Samsonkin, Artiom"]
[Result "1-0"]
[WhiteElo "2633"]
[BlackElo "2409"]
[PlyCount "63"]
[EventDate "2010.09.21"]
[EventType "team"]
[EventRounds "11"]
[EventCountry "RUS"]
[WhiteTeam "CZE"]
[BlackTeam "CAN"]

1. e4 c5 2. Nf3 d6 3. d4 cxd4 4. Nxd4 Nf6 5. Nc3 Nc6 6. Bg5 e6 7. Qd2 a6 8.
O-O-O Bd7 9. f3 Be7 10. Be3 O-O 11. g4 Nxd4 12. Bxd4 Bc6 13. g5 Nd7 14. h4 b5
15. Kb1 b4 16. Ne2 d5 17. e5 a5 18. f4 a4 19. h5 b3 20. g6 Nc5 21. Bh3 Qc8 22.
gxh7+ Kxh7 23. Nc3 Ne4 24. Qg2 Nxc3+ 25. bxc3 Rg8 26. f5 Be8 27. Rdg1 bxa2+ 28.
Kxa2 Qc4+ 29. Ka1 Bb4 30. Qd2 Ba3 31. Bf1 Qc8 32. f6 1-0

[Event "Olympiad"]
[Site "Khanty-Mansiysk RUS"]
[Date "2010.10.03"]
[Round "11"]
[White "Kalezic, Blazo"]
[Black "Samsonkin, Artiom"]
[Result "1-0"]
[WhiteElo "2449"]
[BlackElo "2409"]
[PlyCount "87"]
[EventDate "2010.09.21"]
[EventType "team"]
[EventRounds "11"]
[EventCountry "RUS"]
[WhiteTeam "MNE"]
[BlackTeam "CAN"]

1. e4 c5 2. Nf3 d6 3. d4 cxd4 4. Nxd4 Nf6 5. Nc3 Nc6 6. f3 Nxd4 7. Qxd4 g6 8.
Be3 Bg7 9. Bc4 O-O 10. Qd2 Qc7 11. Bb3 Be6 12. O-O-O Rfc8 13. Kb1 Bc4 14. Bd4
b5 15. h4 e5 16. Be3 b4 17. Nd5 Nxd5 18. exd5 a5 19. Ba4 Rab8 20. h5 Bb5 21.
Bxb5 Rxb5 22. hxg6 fxg6 23. Rh4 Bf6 24. Re4 Kh8 25. Qe2 a4 26. g4 g5 27. b3 Qa5
28. Rc4 Ra8 29. Rh1 Rb7 30. Qd2 Rf7 31. Rxb4 axb3 32. cxb3 Qa3 33. Rc4 Bd8 34.
Qc2 Qa5 35. Rd1 Qa3 36. Bc1 Qa7 37. Ra4 Qb7 38. Rxa8 Qxa8 39. Qc6 Qb8 40. Qe8+
Kg7 41. Bxg5 Rxf3 42. Bxd8 Qb4 43. Qa4 Qc3 44. Qc4 1-0

[Event "Labour Day op"]
[Site "Toronto CAN"]
[Date "2010.09.12"]
[Round "1"]
[White "Marinkovic, Mate"]
[Black "Samsonkin, Artiom"]
[Result "1-0"]
[WhiteElo "2220"]
[BlackElo "2594"]
[PlyCount "87"]
[EventDate "2010.09.04"]
[EventType "swiss"]
[EventRounds "6"]
[EventCountry "CAN"]

1. c4 Nf6 2. g3 g6 3. Bg2 Bg7 4. Nc3 O-O 5. d3 d6 6. e4 c5 7. Nge2 Nc6 8. O-O
a6 9. h3 Rb8 10. f4 Ne8 11. Be3 Nd4 12. Rb1 b5 13. cxb5 axb5 14. b4 Nxe2+ 15.
Nxe2 cxb4 16. Rxb4 Qa5 17. Qb1 Be6 18. a4 Ba2 19. Qe1 Nc7 20. Nd4 Bxd4 21. Bxd4
f6 22. e5 fxe5 23. fxe5 Rxf1+ 24. Bxf1 Na6 25. exd6 exd6 26. Qe7 Qc7 27. Qf6
Rf8 28. Qh8+ Kf7 29. Qxh7+ Ke8 30. Qxg6+ Qf7 31. Qe4+ Kd7 32. Qb7+ Nc7 33. Bg2
Bd5 34. Bxd5 Qxd5 35. Qxd5 Nxd5 36. Rxb5 Kc6 37. Rb3 Ra8 38. Ra3 Nb4 39. Bf2
Re8 40. Kf1 Kd5 41. a5 Ra8 42. Ra4 Na6 43. g4 Kc6 44. Bb6 1-0

[Event "Labour Day op"]
[Site "Toronto CAN"]
[Date "2010.09.12"]
[Round "4"]
[White "Gusev, Nikita"]
[Black "Samsonkin, Artiom"]
[Result "0-1"]
[WhiteElo "2258"]
[BlackElo "2594"]
[PlyCount "86"]
[EventDate "2010.09.04"]
[EventType "swiss"]
[EventRounds "6"]
[EventCountry "CAN"]

1. e4 c5 2. Nf3 d6 3. d4 cxd4 4. Nxd4 Nf6 5. Nc3 Nc6 6. Bc4 Bd7 7. Be3 Ng4 8.
Nxc6 bxc6 9. Bc1 e5 10. O-O Be7 11. Qd3 O-O 12. Bb3 Qc7 13. h3 Nf6 14. Bg5 Rad8
15. f4 h6 16. Bxf6 Bxf6 17. f5 Bc8 18. Kh1 a5 19. Nd1 Qa7 20. Rf3 a4 21. Bc4 d5
22. exd5 cxd5 23. Bxd5 e4 24. Qxe4 Rfe8 25. Bxf7+ Qxf7 26. Qb4 Rd4 27. Qb5 a3
28. c3 Re1+ 29. Rf1 Qb7 30. Rxe1 Qxb5 31. cxd4 axb2 32. Nxb2 Qxb2 33. Rab1 Qxa2
34. Rb8 Qc2 35. Re8+ Kh7 36. Rbxc8 Qxf5 37. Rc1 Bxd4 38. Rce1 h5 39. R8e4 Bc3
40. R1e2 Qf1+ 41. Kh2 Bd4 42. Re1 Qd3 43. Re8 Bf2 0-1

[Event "Labour Day op"]
[Site "Toronto CAN"]
[Date "2010.09.06"]
[Round "5.1"]
[White "Samsonkin, Artiom"]
[Black "Sambuev, Bator"]
[Result "0-1"]
[WhiteElo "2594"]
[BlackElo "2640"]
[PlyCount "72"]
[EventDate "2010.09.04"]
[EventType "swiss"]
[EventRounds "6"]
[EventCountry "CAN"]

1. e4 e6 2. d4 d5 3. Nc3 Bb4 4. e5 c5 5. a3 Ba5 6. b4 cxd4 7. Qg4 Ne7 8. bxa5
dxc3 9. Qxg7 Rg8 10. Qxh7 Nbc6 11. Nf3 Qc7 12. Bf4 Bd7 13. Bd3 O-O-O 14. Bg3
Rh8 15. Qxf7 Rdf8 16. Qg7 Rhg8 17. Qh7 Qxa5 18. O-O Qc5 19. Kh1 a6 20. h4 Rh8
21. Qg7 Rfg8 22. Qf6 Rf8 23. Qg7 Rfg8 24. Qf6 d4 25. Ng5 Nd5 26. Nxe6 Qb6 27.
Qf7 Rg4 28. Nf8 Nxe5 29. Qxd5 Rgxh4+ 30. Bxh4 Rxh4+ 31. Kg1 Qh6 32. g3 Qh5 33.
f4 Rh3 34. Qg2 Bc6 35. Bf5+ Qxf5 36. fxe5 Qh5 0-1

[Event "Hamilton Summer op"]
[Site "Hamilton CAN"]
[Date "2010.08.21"]
[Round "1"]
[White "Khayutin, Constantine"]
[Black "Samsonkin, Artiom"]
[Result "0-1"]
[WhiteElo "1965"]
[BlackElo "2606"]
[PlyCount "95"]
[EventDate "2010.08.21"]
[EventType "swiss"]
[EventRounds "5"]
[EventCountry "CAN"]

1. e4 c5 2. Nf3 d6 3. d4 cxd4 4. Nxd4 Nf6 5. Nc3 Nc6 6. Bg5 Qa5 7. Bxf6 gxf6 8.
Nb3 Qg5 9. Qd2 Qxd2+ 10. Nxd2 f5 11. Nd5 Rb8 12. O-O-O Bh6 13. Bd3 e6 14. Nc7+
Kd7 15. Nb5 a6 16. Nc3 fxe4 17. Bxe4 f5 18. Bf3 b5 19. Kb1 Ne5 20. Rhe1 Kc7 21.
Bh5 Bb7 22. Nf3 Bxf3 23. Bxf3 Rhg8 24. Bd5 b4 25. Bxe6 bxc3 26. Bxg8 Rxg8 27.
g3 Bd2 28. Re2 Rb8 29. b3 Nc4 30. Ka1 Na3 31. Rdxd2 cxd2 32. Rxd2 Nb5 33. Rd5
Rf8 34. Kb2 Kc6 35. c4 Nc7 36. Rd4 Re8 37. Rf4 Re5 38. h3 Ne6 39. Rh4 Re2+ 40.
Ka3 Rxf2 41. Rxh7 Ng5 42. Rh5 Ne4 43. g4 f4 44. Ra5 Kb6 45. Rf5 f3 46. Kb4 Rxa2
47. c5+ dxc5+ 48. Kc4 0-1

[Event "Hamilton Summer op"]
[Site "Hamilton CAN"]
[Date "2010.08.21"]
[Round "2"]
[White "Samsonkin, Artiom"]
[Black "Drkulec, Vladimir"]
[Result "1-0"]
[WhiteElo "2606"]
[BlackElo "2134"]
[PlyCount "67"]
[EventDate "2010.08.21"]
[EventType "swiss"]
[EventRounds "5"]
[EventCountry "CAN"]

1. e4 e5 2. f4 exf4 3. Nf3 Nf6 4. e5 Ne4 5. d3 Ng5 6. Bxf4 Ne6 7. Be3 c5 8. Nc3
d6 9. exd6 Bxd6 10. d4 cxd4 11. Nxd4 O-O 12. Nf5 Bb4 13. Bd3 Nc6 14. O-O Ne5
15. Ne4 f6 16. Be2 Qc7 17. c3 Rd8 18. Qb3 Bf8 19. Rad1 Kh8 20. Nd4 Nc5 21. Nb5
Nxb3 22. Nxc7 Bg4 23. Nxa8 Rxa8 24. Bxg4 Nxg4 25. Bxa7 Rxa7 26. Rd8 Kg8 27.
axb3 Ne5 28. Nc5 Kf7 29. Nd7 Bd6 30. Nxe5+ Bxe5 31. Rd7+ Kg6 32. b4 Ra2 33. Rb1
b6 34. Rb7 1-0

[Event "Hamilton Summer op"]
[Site "Hamilton CAN"]
[Date "2010.08.21"]
[Round "3"]
[White "Demmery, Steve"]
[Black "Samsonkin, Artiom"]
[Result "0-1"]
[WhiteElo "2242"]
[BlackElo "2606"]
[PlyCount "108"]
[EventDate "2010.08.21"]
[EventType "swiss"]
[EventRounds "5"]
[EventCountry "CAN"]

1. d4 Nf6 2. c4 g6 3. Nc3 Bg7 4. e4 d6 5. Nge2 h5 6. Bg5 O-O 7. Nc1 Nh7 8. Be3
e5 9. d5 Bf6 10. Qd2 h4 11. h3 Bg5 12. Bd3 Bxe3 13. Qxe3 Nd7 14. Nb3 a5 15. Nd2
Nc5 16. Bc2 Qg5 17. Qxg5 Nxg5 18. Nb5 Na6 19. O-O Kg7 20. Rae1 Bd7 21. f4 exf4
22. Nd4 Rae8 23. Rxf4 Bxh3 24. N2f3 Nxf3+ 25. Nxf3 Bd7 26. Rxh4 f6 27. g3 Nc5
28. b3 Re7 29. Kg2 g5 30. Rh2 Rh8 31. Rxh8 Kxh8 32. a3 Bg4 33. Nd4 Kg8 34. Kf2
Nd7 35. a4 Nc5 36. Re3 Nd7 37. Re1 Ne5 38. Rh1 Bd7 39. Re1 Rh7 40. Kg2 Bh3+ 41.
Kf2 Bd7 42. Kg2 c5 43. dxc6 Bxc6 44. Nf5 Bd7 45. Ne3 Bh3+ 46. Kf2 Bg4 47. Kg2
Bf3+ 48. Kg1 g4 49. Bb1 Rh1+ 50. Kf2 Rh2+ 51. Kg1 Rd2 52. Bc2 Be2 53. c5 Nf3+
54. Kf2 Bd3+ 0-1

[Event "CAN-op"]
[Site "Toronto CAN"]
[Date "2010.07.10"]
[Round "1"]
[White "Jung, Hans"]
[Black "Samsonkin, Artiom"]
[Result "0-1"]
[WhiteElo "2270"]
[BlackElo "2609"]
[PlyCount "72"]
[EventDate "2010.07.10"]
[EventType "swiss"]
[EventRounds "9"]
[EventCountry "CAN"]

1. Nc3 c5 2. e4 e6 3. Nf3 Nc6 4. Bb5 Nd4 5. Nxd4 cxd4 6. Ne2 Nf6 7. Bd3 d5 8.
e5 Nd7 9. f4 g5 10. f5 Nxe5 11. Bb5+ Bd7 12. Bxd7+ Qxd7 13. Nxd4 exf5 14. Qe2
f6 15. d3 O-O-O 16. Bd2 Nc6 17. Qf2 Bc5 18. Bc3 Rhe8+ 19. Kd2 f4 20. Rhe1 Re3
21. Rxe3 Nxd4 22. Re7 Qxe7 23. Bxd4 Bxd4 24. Qxd4 Re8 25. Rd1 Qe2+ 26. Kc1 Qe3+
27. Qxe3 fxe3 28. Re1 f5 29. Kd1 Kd7 30. Ke2 f4 31. Kf3 Ke6 32. Kg4 Kf6 33. h4
h5+ 34. Kf3 Kf5 35. hxg5 h4 36. c4 Rg8 0-1

[Event "CAN-op"]
[Site "Toronto CAN"]
[Date "2010.07.11"]
[Round "2"]
[White "Samsonkin, Artiom"]
[Black "Barron, Michael"]
[Result "1-0"]
[WhiteElo "2609"]
[BlackElo "2375"]
[PlyCount "85"]
[EventDate "2010.07.10"]
[EventType "swiss"]
[EventRounds "9"]
[EventCountry "CAN"]

1. e4 e5 2. f4 exf4 3. Nf3 g5 4. h4 g4 5. Ne5 Qe7 6. Nxg4 Qxe4+ 7. Qe2 d5 8.
Nf2 Qxe2+ 9. Bxe2 Bf5 10. Nc3 c6 11. d3 Bd6 12. O-O Ne7 13. Ng4 Nd7 14. Nh6 Be6
15. h5 Bc5+ 16. Kh2 Be3 17. Bxe3 fxe3 18. d4 f5 19. Rf3 Rf8 20. g4 fxg4 21.
Rxe3 Rf6 22. Nxg4 Bxg4 23. Bxg4 Kd8 24. Rae1 Nc8 25. Re8+ Kc7 26. Kg3 b5 27. a4
b4 28. Na2 a5 29. Nc1 Rf7 30. Bxd7 Kxd7 31. Nd3 Rg7+ 32. Kf4 Nb6 33. Nc5+ Kd6
34. R1e6+ Kc7 35. R8e7+ Rxe7 36. Rxe7+ Kd6 37. Rb7 Rf8+ 38. Kg5 Rg8+ 39. Kh6
Rg4 40. c3 bxc3 41. bxc3 Rg3 42. Rxb6 Rh3 43. Rb7 1-0

[Event "CAN-op"]
[Site "Toronto CAN"]
[Date "2010.07.13"]
[Round "4"]
[White "Samsonkin, Artiom"]
[Black "Friedel, Joshua"]
[Result "1/2-1/2"]
[WhiteElo "2609"]
[BlackElo "2586"]
[PlyCount "40"]
[EventDate "2010.07.10"]
[EventType "swiss"]
[EventRounds "9"]
[EventCountry "CAN"]

1. Nf3 Nf6 2. d4 e6 3. Nbd2 d5 4. e3 c5 5. c3 Nc6 6. Bd3 Bd6 7. O-O O-O 8. e4
cxd4 9. cxd4 e5 10. dxe5 Nxe5 11. Nxe5 Bxe5 12. exd5 Bg4 13. Nf3 h6 14. Be2 Bc7
15. h3 Bh5 16. Qb3 Qxd5 17. Bc4 Qc6 18. Bb5 Qd5 19. Bc4 Qc6 20. Bb5 Qd5 1/2-1/2

[Event "CAN-op"]
[Site "Toronto CAN"]
[Date "2010.07.14"]
[Round "5"]
[White "Mulyar, Michael"]
[Black "Samsonkin, Artiom"]
[Result "1-0"]
[WhiteElo "2380"]
[BlackElo "2609"]
[PlyCount "125"]
[EventDate "2010.07.10"]
[EventType "swiss"]
[EventRounds "9"]
[EventCountry "CAN"]

1. d4 Nf6 2. Nf3 g6 3. c4 Bg7 4. g3 O-O 5. Bg2 d6 6. O-O c6 7. Nc3 Qa5 8. h3
Be6 9. d5 cxd5 10. Nd4 dxc4 11. Bxb7 Nbd7 12. Nxe6 fxe6 13. Bxa8 Rxa8 14. Qa4
Qxa4 15. Nxa4 Rb8 16. Rb1 d5 17. Be3 e5 18. f3 d4 19. Bd2 e4 20. Rfc1 e3 21.
Be1 d3 22. Rxc4 d2 23. Bxd2 exd2 24. Rd1 Ne5 25. Rc2 Rb4 26. b3 h5 27. Rdxd2 h4
28. g4 Kf7 29. Kf2 Nh7 30. e3 Ng5 31. Kg2 Ne6 32. f4 Rxf4 33. exf4 Nxf4+ 34.
Kf1 Nxh3 35. Rh2 Nf4 36. Rxh4 g5 37. Rh1 Nxg4 38. Rc7 Ne3+ 39. Kf2 g4 40. Kxe3
Nd5+ 41. Ke2 Nxc7 42. Rg1 Bd4 43. Rxg4 e5 44. Kd3 Nd5 45. a3 Kf6 46. Rg8 Ke6
47. b4 Kd6 48. Rg6+ Kc7 49. Rh6 Be3 50. Rh1 Bd4 51. Rh6 Be3 52. Rh7+ Kc6 53.
Nc3 Nxc3 54. Kxc3 Kd5 55. Kd3 Bd4 56. Rd7+ Kc6 57. Rd8 Kb5 58. Rd5+ Ka4 59.
Ra5+ Kb3 60. Ra6 Bb6 61. b5 Bc5 62. a4 Bd4 63. a5 1-0